The attic nights of Aulus Gellius

Αποθηκεύτηκε σε:
Λεπτομέρειες βιβλιογραφικής εγγραφής
Κύριος συγγραφέας: Gellius, Aulus
Άλλοι συγγραφείς: Rolfe, John Carew, 1859-1943 (Μεταφραστής)
Μορφή: Βιβλίο
Γλώσσα:English
Latin
Δημοσίευση: Cambridge, Mass. ; : London : Harvard University Press, Heinemann, 1978-1984
Σειρά:Loeb classical library ; ; 200, 212 ,195
Θέματα:
Ετικέτες: Προσθήκη ετικέτας
Δεν υπάρχουν, Καταχωρήστε ετικέτα πρώτοι!

MARC

LEADER 00000cam a2200000 i 4500
001 1/1738
008 950714m19781984 eng d
020 |a 0-674-99215-6 (τ.1) 
020 |a 0-674-99220-2 (τ.2) 
020 |a 0-674-99234-2 (τ.3) 
035 |l 10014558 
040 |a GR-MY-UA  |b gre  |e aacr 
041 0 |a eng  |a lat 
082 0 |a 874  |2 (22) 
100 1 |a Gellius, Aulus. 
245 1 4 |a The attic nights of Aulus Gellius /  |c Gellius, Aulus ; μετάφραση: John C. Rolfe 
260 |a Cambridge, Mass. ; :   |a London :   |b Harvard University Press,   |b Heinemann,   |c 1978-1984 
300 |a 3τ.;  |c 17 εκ. 
490 1 |a Loeb classical library  |v ; 200 ,212, 195 
504 |a Περιλαμβάνει ευρετήριο 
600 0 0 |a Gellius Aulus. 
650 0 0 |a Latin letters. 
650 0 0 |a Latin essays  |x Translations into English. 
650 0 0 |a Civilization, Greco-Roman. 
700 1 |a Rolfe, John Carew,   |d 1859-1943.  |4 trl 
830 0 |a Loeb classical library ;  |v ; 200, 212 ,195 
852 |a INST  |b CHIOS  |e 19960708  |h 874 GEL  |p 005200001881  |q 005200001881  |t BK  |y 0  |z τ.1 
852 |a INST  |b CHIOS  |e 19960708  |h 874 GEL  |p 005200007358  |q 005200007358  |t BK  |y 0  |z τ.3 
852 |a INST  |b CHIOS  |e 19960708  |h 874 GEL  |p 005200007368  |q 005200007368  |t BK  |y 0  |z τ.2 
852 |a INST  |b CHIOS  |e 19960708  |h 874 GEL  |p 005200001881  |q 005200001881  |t BK  |v τ.1:  |y 0  |z τ.1 
852 |a INST  |b CHIOS  |e 19960708  |h 874 GEL  |p 005200007358  |q 005200007358  |t BK  |v τ.3:  |y 0  |z τ.3 
852 |a INST  |b CHIOS  |e 19960708  |h 874 GEL  |p 005200007368  |q 005200007368  |t BK  |v τ.2:  |y 0  |z τ.2 
852 |a INST  |b LESVOS  |e 19950714  |h 876 ATT  |p 005100007628  |q 005100007628  |t BK  |y 0  |z v.1 
852 |a INST  |b LESVOS  |e 19950714  |h 876 ATT  |p 005100007629  |q 005100007629  |t BK  |y 0  |z v.2 
852 |a INST  |b LESVOS  |e 19950714  |h 876 ATT  |p 005100007628  |q 005100007628  |t BK  |v τ.1:  |y 0  |z v.1 
852 |a INST  |b LESVOS  |e 19950714  |h 876 ATT  |p 005100007629  |q 005100007629  |t BK  |v τ.2:  |y 0  |z v.2 
853 |a INST  |b CHIOS  |h 874 GEL 
853 |a INST  |b LESVOS  |h 876 ATT 
909 |a Λ  |b 033221 
909 |a Λ  |b 032937 
909 |a Χ  |b 031930 
909 |a Χ  |b 031811 
909 |a Χ  |b 031802 
922 |a 2ΕΛΗ  |b 199311  |c ΦΡΑΓΚΟΜΙΧΑΛΟΣ  |d LEADER BOOKS 
970 |z 1999/09/01  |a ΚΑΜΑΤΣΟΥ  |b ΔΕΣΠΟΙΝΑ